Loading...
| Mythology | 0 | 4 | 0 | 0 | 40 | 97 | 109.75 | 0 | 0 | 5.58 | 15.23 |
| Science - Physics | 0 | 3 | 0 | 1 | 30 | 44 | 75.00 | 1 | 2 | 9.52 | 16.36 |
| Social Science | 0 | 3 | 0 | 1 | 30 | 74 | 90.33 | 0 | 2 | 5.67 | 18.18 |
| Other Academic | 0 | 2 | 0 | 1 | 20 | 47 | 84.50 | 0 | 1 | 20.74 | 40.00 |
| Science - Other | 0 | 2 | 0 | 1 | 20 | 93 | 116.00 | 0 | 1 | 1.54 | 8.18 |
| History - European | 0 | 2 | 1 | 0 | 15 | 87 | 93.00 | 0 | 1 | 4.93 | 11.14 |
| Literature - American | 0 | 1 | 0 | 0 | 10 | 47 | 47.00 | 0 | 0 | 6.24 | 4.55 |
| Fine Arts - Other | 0 | 1 | 0 | 0 | 10 | 134 | 134.00 | 0 | 0 | 0.00 | 1.82 |
| Fine Arts - Painting and Sculpture | 0 | 1 | 0 | 0 | 10 | 105 | 105.00 | 0 | 0 | 1.91 | 1.82 |
| Geography | 0 | 1 | 0 | 1 | 10 | 120 | 120.00 | 0 | 0 | 4.20 | 20.00 |
| Current Events | 0 | 1 | 0 | 0 | 10 | 45 | 45.00 | 1 | 1 | 21.71 | 33.33 |
| Popular Culture | 0 | 1 | 0 | 1 | 10 | 147 | 147.00 | 0 | 0 | 0.00 | 4.17 |
| History - Other | 0 | 1 | 1 | 1 | 5 | 39 | 39.00 | 1 | 1 | 6.14 | 9.09 |
| History - World | 0 | 0 | 1 | 0 | -5 | 0.00 | 0 | 0 | 0.00 | 0.00 |